Mommy's bed / (Record no. 5119)

MARC details
000 -LEADER
fixed length control field 00987nam a22003017a 4500
001 - CONTROL NUMBER
control field 5119
003 - CONTROL NUMBER IDENTIFIER
control field FISKH
005 - DATE AND TIME OF LATEST TRANSACTION
control field 20241107080822.0
008 - FIXED-LENGTH DATA ELEMENTS--GENERAL INFORMATION
fixed length control field 241107b cb ||||| |||| 00| 0 eng d
020 ## - INTERNATIONAL STANDARD BOOK NUMBER
International Standard Book Number 9780439568579
040 ## - CATALOGING SOURCE
Original cataloging agency FISKH
Language of cataloging eng
Transcribing agency FISKH
Modifying agency FISKH
050 ## - LIBRARY OF CONGRESS CALL NUMBER
Classification number PZ7.B5297
082 ## - DEWEY DECIMAL CLASSIFICATION NUMBER
Classification number 167
100 ## - MAIN ENTRY--PERSONAL NAME
Personal name W.Black, Sonia
Dates associated with a name (1953-)
245 ## - TITLE STATEMENT
Title Mommy's bed /
Statement of responsibility, etc. by Sonia W. Black Illustrated by Jennifer Kindert
250 ## - EDITION STATEMENT
Edition statement 2004
260 ## - PUBLICATION, DISTRIBUTION, ETC.
Place of publication, distribution, etc. New York :
Name of publisher, distributor, etc. Scholastic,
Date of publication, distribution, etc. 2004.
300 ## - PHYSICAL DESCRIPTION
Extent 32 pages :
Other physical details Color illustrations ;
Dimensions 23 cm
505 ## - FORMATTED CONTENTS NOTE
Formatted contents note E<br/>
520 ## - SUMMARY, ETC.
Summary, etc. A boy relates all the things he and his sisters do in their mother's bed--such as read, tickle, and play--that make it the best place to be. Includes activity ideas for parents and children.
521 8# - TARGET AUDIENCE NOTE
Target audience note 250L<br/>
Source Lexile<br/>
521 8# - TARGET AUDIENCE NOTE
Target audience note E<br/>
Source Raz-Plus<br/>
650 ## - SUBJECT ADDED ENTRY--TOPICAL TERM
Source of heading or term Family
Topical term or geographic name entry element Children
650 ## - SUBJECT ADDED ENTRY--TOPICAL TERM
Source of heading or term Mothers
Topical term or geographic name entry element Parents
700 ## - ADDED ENTRY--PERSONAL NAME
Personal name Kindert, Jennifer
Dates associated with a name Illustrator
942 ## - ADDED ENTRY ELEMENTS (KOHA)
Source of classification or shelving scheme Dewey Decimal Classification
Koha item type Books
Suppress in OPAC No
Holdings
Withdrawn status Lost status Source of classification or shelving scheme Damaged status Not for loan Collection Home library Current library Shelving location Date acquired Total Checkouts Full call number Barcode Date last seen Copy number Price effective from Koha item type
    Dewey Decimal Classification     Fiction Footprints International School Library Network Toul Kork Campus Footprints International School Library Network Toul Kork Campus TK Primary Library Room(4th Floor), Bookcase 7, Shelves 57-60, Dark Green Books 11/07/2024   BLA 167 PZ7.B5297 FISTK00795 11/07/2024 1 11/07/2024 Books